Transnational Corporations in the Banana Industry of Central America /

Guardat en:
Dades bibliogràfiques
Autor corporatiu: CEPAL
Format: Desconegut
Etiquetes: Afegir etiqueta
Sense etiquetes, Sigues el primer a etiquetar aquest registre!

MARC

LEADER 00000 a2200000 04500
001 45560
003 cru CIDCACS/IIS
005 20180528164131.0
008 991231s d
999 |c 4691  |d 4691 
022 |a [Pendiente]  
040 |c cru CIDCACS/IIS 
090 |a 07.07.05 T772t 
110 |a CEPAL  
245 |a Transnational Corporations in the Banana Industry of Central America /   |c CEPAL  
500 |a This paper has been prepared by experts and consultants of the Joint CEPAL/CTC Unit fot the Interregional Expert Group Meeting on Bargaining Capacity and Distribution of Gains in Primary Export Commodities (Bangkok, 8-13 October 1979). The opinions expressed in it are those of the authors and do not necessarily reflect the views of CEPAL.  
942 |2 ddc  |c LI